000 00533nam a2200193Ia 4500
003 GCL
008 140319s9999 xx 000 0 ara d
040 _aGCL /
_cGCL
082 0 4 _a658.401
_bك ت
100 1 _aكينات, كيت
245 1 0 _aالتخطيط الادارى /
_cكينات, كيت
700 1 _aمحمود الحلبى
300 _a56 ص
490 _aسلسلة الدليل الادارى
_v0
650 0 4 _aالادارة
650 0 4 _aالتخطيط
650 0 4 _aتقييم الاداء
942 _2ddc
_cBK
999 _c49736
_d49736